International Land Measurement Standard (Record no. 121179)
[ view plain ]
| 000 -LEADER | |
|---|---|
| fixed length control field | 01239cam a22002175a 4500 |
| 001 - CONTROL NUMBER | |
| control field | 121179 |
| 008 - FIXED-LENGTH DATA ELEMENTS--GENERAL INFORMATION | |
| fixed length control field | 170801s2019 xxk f 000 0 eng d |
| 020 ## - INTERNATIONAL STANDARD BOOK NUMBER | |
| ISBN | 9781783213542 |
| 041 0# - LANGUAGE CODE | |
| Language code of text/sound track or separate title | eng |
| 110 ## - MAIN ENTRY--CORPORATE NAME | |
| Corporate author | International Land Measurement Standard Coalition |
| 240 ## - UNIFORM TITLE | |
| Uniform title | <a href="ILMS">ILMS</a> |
| 245 00 - TITLE STATEMENT | |
| Title | International Land Measurement Standard |
| Subtitle | Due diligence for land and real property surveying |
| 260 ## - PUBLICATION INFORMATION | |
| Place of publication | London, |
| Publisher | ILMS, |
| Date | 2019 |
| 520 ## - ABSTRACT | |
| Abstract | International Construction Measurement Standards (ICMS) is a land measurement standard that supports a sustainable future for people and legal entities. It is both a standard and a due diligence framework to enable evidence-based assessment of land and property. It is divided into 5 parts. Part 1 introduction, Part 2 additional context around land information system and how they link to ILMS, Parts 3 and 4 cover the components making up the due diligence framework. Part 5 glossary. |
| 650 ## - KEYWORDS | |
| Keywords | ILMS |
| 651 #4 - SUBJECT ADDED ENTRY--GEOGRAPHIC NAME | |
| Geographic name | International |
| 690 ## - BROAD SUBJECT | |
| Broad subject | Land use |
| 9 (RLIN) | 6251 |
| 690 ## - BROAD SUBJECT | |
| Broad subject | Measurement |
| 9 (RLIN) | 6256 |
| 856 40 - ONLINE RESOURCE | |
| Uniform Resource Identifier | <a href="https://www.rics.org/profession-standards/rics-standards-and-guidance/sector-standards/land-standards/international-land-measurement-standard">https://www.rics.org/profession-standards/rics-standards-and-guidance/sector-standards/land-standards/international-land-measurement-standard</a> |
| Public note | Available on RICS.org |
| 942 ## - ADDED ENTRY ELEMENTS (KOHA) | |
| Suppress in OPAC | Do not suppress in OPAC |
| Lost status | Damaged status | Not for loan | Home library | Current library | Shelving location | Date acquired | Total Checkouts | Full call number | Date last seen | Price effective from | Koha item type |
|---|---|---|---|---|---|---|---|---|---|---|---|
| Archives | Archives | Archive copy | 20/12/2019 | RICS 2019/17 | 20/12/2019 | 20/12/2019 | Archive | ||||
| London | London | BCIS/BMI publications | 20/12/2019 | RICS 2019/17 | 20/12/2019 | 20/12/2019 | Book | ||||
| Virtual | Virtual | Online | 20/12/2019 | 20/12/2019 | 20/12/2019 | Online material |